000 00332 a2200133 4500
000 nam a22 7a 4500
100 _aRajesh Kumar
110 _aRajesh Kumar
245 _ahindutva aur hindu dharm sanrakshak
250 _aLatest edition
260 _bKartik Prakashan
_c2024
264 _bKartik Prakashan
_c2024
942 _cBK
999 _c394342
_d394342